LEADER 01054nam a2200265 i 4500 001 991004066939707536 008 s1998 it 000 0 ita d 020 $a8846409132 035 $ab1190611x-39ule_inst 040 $aDip. SSC$bita 082 0 $a306.36 100 1 $aBorghi, Vando$0128514 245 13$aIl lavoro tra economia e società :$bmetamorfosi del lavoro, processi di globalizzazione etrasformazioni del legami sociale /$cVando Borghi ; presentazione di Michele La Rosa 260 $aMilano :$bAngeli,$cc1998 300 $a215 p. ;$c22 cm. 490 0 $aSociologia del lavoro. Teorie e ricerche 650 4$aLavoro$xAspetti socio-culturali 650 4$aSociologia del lavoro 700 1 $aLa Rosa, Michele 907 $a.b1190611x$b28-04-17$c17-03-03 912 $a991004066939707536 945 $aLE021 SOC23A49$g1$i2021000144011$lle021$nBarrucci$o-$pE0.00$q-$rl$s- $t0$u2$v1$w2$x0$y.i12171049$z17-03-03 996 $aLavoro tra economia e società$9914031 997 $aUNISALENTO 998 $ale021$b17-03-03$cm$da $e-$fita$git $h3$i0